000 00713nam a22001817a 4500
003 UA-OsUOA
001 18651
007 ta
008 20040526b un ||||| |||| 00| 0 ukr d
100 _aФранчук В.
942 _cSA
040 _aUA-OsUOA
_cUA-OsUOA
_dUA-OsUOA
245 _aЇх імена вкарбовані у граніт
_b[Про відкриття пам'ятника загиблим героям та жертвам більшовицьких репресій 1939-1955 рр. у с.Великі Межирічі Корец. р-ну]
300 _aС.3
955 _a0
773 0 _w0
_tВОЛИНЬ
_dРівне
_d2004
_g№21/21 трав./
650 7 _aКраєзнавча робота
_2UDC
999 _c304822
_d304822